000 00534nam a2200205Ia 4500
005 20250326143442.0
008 250326s9999 xx 000 0 und d
020 _a0-07-255217-4
037 _aTextbook
040 _aFMSL
_beng
_cFMSL
041 _aeng
_2eng
084 _aX:51 P4
_qFMSL
100 _aPeter J P
_9746216
245 0 _aMarketing management
_cPeter J P; Donnelly J H
250 _a7
260 _aBoston
_bBoston, Irwin
_c2004
300 _a876p
942 _cTB
_hX:51 P4
999 _c1299615
_d1299615